Yellow and Orange Quiz Stats

 Plays Quiz Updated May 4, 2019

Score 0/22 Timer 06:00
4 Plays Today
Hint Answer % Correct
Telephone directory (U.S.)Yellow Pages
95.1%
Acute viral disease illness in many African and South American countries.Yellow Fever
94.8%
Home to the 'Old Faithful' geyserYellowstone National Park
86%
In soccer, a warning shown to a player being cautioned for a violationYellow Card
83.3%
1968 animated film based on the music of The BeatlesYellow Submarine
78.1%
Another name for a predatory waspYellowjacket
77.9%
Elton John's Song about Oz?Goodbye Yellow Brick Road
68.1%
Post-season college football game played in Dolphin StadiumFedEx Orange Bowl
65.4%
Stream of water often called the 'Cradle of Chinese Civilization'Yellow River
63%
1971 Stanley Kubrick filmA Clockwork Orange
51.8%
Curious George's best friend and caretakerMan in the Yellow Hat
50.6%
Hint Answer % Correct
Code name for a defoliant used in herbicidal warfareAgent Orange
48.5%
2002 Jack Black movieOrange County
46.1%
R.E.M. song about soda?Orange Crush
34.5%
Franchised fruit blend beverage businessOrange Julius
34.3%
Common Sushi fish also know as hamachiYellowtail
31.2%
1966 single by DonovanMellow Yellow
27.8%
Video game compilation including Half-Life 2, Team Fortress and PortalOrange Box
18.1%
Large deep-sea fish belonging to the slimehead familyOrange Roughy
12.2%
Folk song prominently featured in the film 'Giant'The Yellow Rose of Texas
5%
Ervin T. Rouse Bluegrass fiddle tuneOrange Blossom Special
3.9%
First permanent Dutch settlement in New NetherlandFort Orange
1.9%

You're not logged in!

Compare scores with friends on all Sporcle quizzes.
OR
Log In

Sporcle TV

Today on Sporcle TV


Watch our educational content, quiz creation guides, and fun videos on Sporcle TV.

Show Comments

Extras

Top Quizzes Today


Score Distribution

Your Account Isn't Verified!

In order to create a playlist on Sporcle, you need to verify the email address you used during registration. Go to your Sporcle Settings to finish the process.

Report this User

Report this user for behavior that violates our Community Guidelines.

Details: